000 00592nam a22001937a 4500
999 _c15284
_d15284
003 AR-CdUCM
008 190426b ||||| |||| 00| 0 spa d
040 _aMUNICIPALIDAD PROVINCIAL DEL CUSCO
_cBIBLIOTECA MUNICIPAL DEL CUSCO
082 _aC / 869.503 /
_bV27
100 _aVallejo, Cesar
_913046
245 _aCuentos Peruanos /
260 _aLima :
_bVox-Perú,
_c1957.
300 _a64 páginas ;
_c17 cm.
505 _aromanticos -- humoristicos -- costumbristas -- policiales...
650 _aCuentos,
_9217
650 _aCuentos peruanos.
_97
942 _2ddc
_cLIBROS
945 _awfj